000 00860cab a2200217 4500
001 WB2341-14
008 090401t1987 xxu||||| |||| 00| 0 eng d
035 _a(Sirsi) u26244
041 _aeng
245 _aCouncil not bound by tenants charter
260 _c1987
350 _a0
490 _aTimes
_v12/10/87 p34
520 _aIn Palmer v Sandwell Metropolitan Borough , the sending of a booklet which contained a proposed tenants` charter and a new form of tenancy agreement , by a local authority to existing tenants on one of its estates could not be treated as an offer by the authority to be legally bound by a variation of the terms of the existing tenancy agreements.
650 _aHOUSING ACT 1980 S40
650 _aLANDLORD AND TENANT
_96252
650 _aREPAIRS
690 _aBlock management
_96220
942 _n0
948 _c04/03/1997
999 _c17621
_d17621